| 000 | 004210000a22001810004500 | ||
|---|---|---|---|
| 003 | MACL | ||
| 005 | 20151028132548.0 | ||
| 008 | 151028b xxu||||| |||| 00| 0 eng d | ||
| 040 |
_aMACL _cMACL |
||
| 041 | _aEnglish | ||
| 082 | _a368 | ||
| 100 |
_aSharma,Seema _917163 |
||
| 245 | _aFolk Dances Of India | ||
| 260 |
_aDelhi _bSeema Sharma _c2011 |
||
| 350 | _a250 | ||
| 650 |
_aFolklore _917164 |
||
| 942 |
_cBK _k368 _2ddc |
||
| 999 |
_c49048 _d49048 |
||